000 00565nam a2200217 a 4500
001 BRCA_7096
005 20190320205718.0
008 091211s1924----gw-#######---#000-0#ger-#
041 _ager
044 _agw
050 4 _aE169
_b.R7 1924
100 1 _aRoda Roda
_d1872-1945
_917632
245 1 0 _aEin frühling in Amerika
260 _aMúnich
_bGunther Langes
_c[c1924]
300 _a172 p.
_c20 cm.
500 _aEstado físico: cubiertas rotas
500 _aO104
651 4 _aEstados Unidos
_xDescripción y viajes
_917633
902 _aGFM
942 _2lcc
_cB
999 _c6777
_d6777